000 00363nam a2200157Ia 4500
008 230917s9999||||xx |||||||||||||| ||und||
040 _e34658
_aMAIN
041 _aEnglish
082 _a942 C674C
100 _aCole, G D H
245 0 _aCommon people 1746-1946
250 _a4th ed.
260 _aLondon
_bMethuen
_c1964
300 _ax, 742 p.
942 _cBK
999 _c184708
_d184708